00704nam a2200181 a 450000100100000000500170001000800410002702000150006804000250008324500400010826000540014830000280020249000260023083000330025695201110028995201050040099900170050500004529820201002050037.0150225s2004 dr a 000 0 spa d a8495119218 aDO-SdBNPbspacBPMSU00aBlanca nieves y los siete ananitos. a[Santo Domingo] :bAsociación Popular,c[200?]. a10 p. :bil., ;c32 cm.1 aMis cuentos favoritos 0aMis cuentos favoritos973320 0010718PDaPDbPDcHDd2015-02-25iLF1l0o p45298-10r2020-06-25te. 2w2020-06-25yLFPDZNo se presta 0010718PDaPDbPDcHDd2015-02-25iLF1l0o p45298-20r2020-06-25w2020-06-25yLFPDZNo se presta c44787d44787